Instruments and measurements for electronics / (Record no. 13287)
[ view plain ]
| 000 -LEADER | |
|---|---|
| fixed length control field | 00810nam a22002772 4500 |
| 001 - CONTROL NUMBER | |
| control field | 13287 |
| 003 - CONTROL NUMBER IDENTIFIER | |
| rucl marc code | BD-RjUL |
| 005 - DATE AND TIME OF LATEST TRANSACTION | |
| control field | 20211208235430.0 |
| 008 - FIXED-LENGTH DATA ELEMENTS--GENERAL INFORMATION | |
| fixed length control field | 140130s1972 enka 001 0 eng d |
| 020 ## - INTERNATIONAL STANDARD BOOK NUMBER | |
| International Standard Book Number | 0070283672 |
| 035 ## - SYSTEM CONTROL NUMBER | |
| System control number | (BD-RjUL)13338 |
| 040 ## - CATALOGING SOURCE | |
| Original cataloging agency | UKM |
| Transcribing agency | UKM |
| Modifying agency | BD-RjUL |
| Language of cataloging | eng |
| 041 ## - LANGUAGE CODE | |
| Language code of text/sound track or separate title | eng |
| 082 00 - DEWEY DECIMAL CLASSIFICATION NUMBER | |
| Classification number | 621.381043 |
| Edition number | 18 |
| Author mark and year | HEI 1972 |
| 100 1# - MAIN ENTRY--PERSONAL NAME | |
| Personal name | Herrick, Clyde N. |
| 9 (RLIN) | 41377 |
| 245 10 - TITLE STATEMENT | |
| Title | Instruments and measurements for electronics / |
| Statement of responsibility, etc. | Clyde N. Herrick. |
| 260 ## - PUBLICATION, DISTRIBUTION, ETC. (IMPRINT) | |
| Place of publication, distribution, etc. | New York ; |
| -- | Maidenhead : |
| Name of publisher, distributor, etc. | McGraw-Hill, |
| Date of publication, distribution, etc. | c1972. |
| 300 ## - PHYSICAL DESCRIPTION | |
| Pagination | xv, 542 p. : |
| Illustrations | ill. ; |
| Size | 24 cm. |
| 500 ## - GENERAL NOTE | |
| General note | Title page imprint: London. |
| General note | Includes index. |
| 650 #0 - SUBJECT ADDED ENTRY--TOPICAL TERM | |
| Topical term or geographic name as entry element | Electronic instruments. |
| 9 (RLIN) | 39472 |
| Topical term or geographic name as entry element | Electronic measurements. |
| 9 (RLIN) | 681 |
| 942 ## - ADDED ENTRY ELEMENTS (KOHA) | |
| Source of classification or shelving scheme | Dewey Decimal Classification |
| Koha item type | Books |
| Lost status | Source of classification or shelving scheme | Damaged status | Not for loan | Collection code | Permanent Location | Current Location | Shelving location | Date acquired | Source of acquisition | Cost, normal purchase price | Total Checkouts | Full call number | Date last seen | Copy number | Koha item type |
|---|---|---|---|---|---|---|---|---|---|---|---|---|---|---|---|
| Dewey Decimal Classification | Non-fiction | Central Library, University of Rajshahi | Central Library, University of Rajshahi | 26/12/1981 | Heffers and sons | 12.70 | 621.381043 HEI 1972 | 30/01/2014 | C-3 | Books | |||||
| Dewey Decimal Classification | Not For Loan | Non-fiction | Central Library, University of Rajshahi | Central Library, University of Rajshahi | Reading Room | 26/12/1981 | Heffers | 12.70 | 621.381043 HEI 1972 | 13/11/2018 | C-1 | Books | |||
| Dewey Decimal Classification | Non-fiction | Central Library, University of Rajshahi | Central Library, University of Rajshahi | 26/12/1981 | Heffers and Sons | 12.70 | 621.381043 HEI 1972 | 20/11/2018 | C-2 | Books |